Statistics for Flags of Countries That Border Myanmar

Click here to take the quiz!

General Stats

  • This quiz has been taken 961 times
  • The average score is 5 of 5

Answer Stats

FlagCountry% Correct
India
99%
China
99%
Bangladesh
97%
Thailand
96%
Laos
93%

Score Distribution

Percentile by Number Answered

Percent of People with Each Score

Your Score History

You have not taken this quiz